000 00795nam a2200313Ia 4500
008 170203s9999 xx 000 0 und d
020 _a0-736400478
050 _aFic
050 _bD612
245 _aDisney's Tarzan :
245 _ba read-aloud storybook /
245 _cadapted by Victoria Saxon.
260 _aNew York :
260 _bMouse Works,
260 _c©1999.
300 _a64 pages :
300 _bcolor illustrations ;
300 _c29 cm.
440 _aA read-aloud storybook.
650 _aAfrica --
650 _aApes --
650 _aJungles --
650 _aTarzan (Fictitious character)
650 _aTarzan (Fictitious character) --
650 _xFiction.
650 _xFiction.
650 _xFiction.
650 _xJuvenile fiction.
999 _c306348
_d306348